| 000 | 00549nam a22001457a 4500 | ||
|---|---|---|---|
| 082 | _a004 | ||
| 100 | _aAhmad, Aisha Zafar | ||
| 245 |
_aInfluence of key Player Detection and Removal on Efficiency and Performance of Covert Networks using Social Network Analysis / _cAisha Zafar Ahmad. |
||
| 260 |
_aIslamabad: _bCEME - NUST, _c2015. |
||
| 300 |
_a71 p. : _bill. ; _c30cm. |
||
| 650 |
_aComputer Software Engineering MS-Thesis. _916105 |
||
| 700 |
_aDr. Usman Qmar _931681 |
||
| 942 |
_2ddc _cTHE |
||
| 999 |
_c536510 _d536510 |
||